Tenaliram ki anmol kahaniya (Record no. 3744)
[ view plain ]
| 000 -LEADER | |
|---|---|
| fixed length control field | 00420nam a22001817a 4500 |
| 003 - CONTROL NUMBER IDENTIFIER | |
| control field | OSt |
| 005 - DATE AND TIME OF LATEST TRANSACTION | |
| control field | 20250401124606.0 |
| 008 - FIXED-LENGTH DATA ELEMENTS--GENERAL INFORMATION | |
| fixed length control field | 250401b |||||||| |||| 00| 0 eng d |
| 020 ## - INTERNATIONAL STANDARD BOOK NUMBER | |
| International Standard Book Number | 9789393050366 |
| 082 ## - DEWEY DECIMAL CLASSIFICATION NUMBER | |
| Classification number | 8H3 |
| Item number | TENT |
| 100 ## - MAIN ENTRY--PERSONAL NAME | |
| Personal name | Tenaliram |
| 245 ## - TITLE STATEMENT | |
| Title | Tenaliram ki anmol kahaniya |
| 260 ## - PUBLICATION, DISTRIBUTION, ETC. | |
| Place of publication, distribution, etc. | Gurugram |
| Name of publisher, distributor, etc. | Lexicon Books |
| 300 ## - PHYSICAL DESCRIPTION | |
| Extent | 160p. |
| 546 ## - LANGUAGE NOTE | |
| Language note | Hindi |
| 651 ## - SUBJECT ADDED ENTRY--GEOGRAPHIC NAME | |
| Geographic name | Hindi Fiction |
| 942 ## - ADDED ENTRY ELEMENTS (KOHA) | |
| Source of classification or shelving scheme | Dewey Decimal Classification |
| Koha item type | Book |
| Withdrawn status | Lost status | Source of classification or shelving scheme | Damaged status | Not for loan | Collection code | Home library | Current library | Shelving location | Date acquired | Source of acquisition | Inventory number | Total Checkouts | Full call number | Barcode | Date due | Date last seen | Date last checked out | Price effective from | Koha item type |
|---|---|---|---|---|---|---|---|---|---|---|---|---|---|---|---|---|---|---|---|
| Dewey Decimal Classification | Fiction | RIC Library | RIC Library | General Stacks | 04/01/2025 | Shubhi publications | 199/21.02.2025 | 2 | 8H3 TENT | 003027 | 10/30/2025 | 10/16/2025 | 10/16/2025 | 04/01/2025 | Book |
